| 000 | 01189nam a2200337 i 4500 | ||
|---|---|---|---|
| 001 | 184996 | ||
| 003 | ES-MaACL | ||
| 005 | 20230906222328.0 | ||
| 008 | 160303s1989 sp |||| | spa d | ||
| 020 | _a84-309-1707-1 | ||
| 080 | _a82-2.09 | ||
| 080 | _a394.84(0:82) | ||
| 080 | _a130.2 | ||
| 100 | 1 |
_aCacciari, Massimo. _933336 |
|
| 245 | 1 | 0 |
_aDrama y duelo / _cMassimo Cacciari ; presentación y traducción de Francisco Jarauta. |
| 260 |
_aMadrid : _bTecnos, _c[1989] |
||
| 300 |
_aX, 138 p. ; _c22 cm. |
||
| 490 | 1 | _aColección metrópolis | |
| 500 | _aGlosario. | ||
| 500 | _aÍndices. | ||
| 504 | _aReferencias bibliográficas. | ||
| 505 | 8 |
_aContiene: ; _tLa escena del duelo (introducción a la ed. en castellano) ; _tUtopías intransitables ; _tMetafísica de la juventud |
|
| 650 | 4 |
_aTeatro (Género literario)- _xHistoria y crítica. _917365 |
|
| 650 | 4 |
_aEstética- _yS.XX. _912540 |
|
| 650 | 4 |
_aDuelos- _xEn la literatura. _911990 |
|
| 650 |
_aCultura- _xFilosofía. _911518 |
||
| 700 | 1 |
_aJarauta, Francisco. _966105 |
|
| 830 | 0 |
_aColección metrópolis _9178097 |
|
| 852 |
_aES-MaACL _jL-30242 _z. - Donat. Miguel A. Velasco |
||
| 999 |
_c184996 _d184996 |
||